Get into shape (Record no. 77461)

MARC details
000 -LEADER
fixed length control field 00765cab a2200193 4500
001 - CONTROL NUMBER
control field ##L134335
008 - FIXED-LENGTH DATA ELEMENTS--GENERAL INFORMATION
fixed length control field 060727n2006 000 0 eng u
035 ## - SYSTEM CONTROL NUMBER
System control number (Sirsi) u134335
041 0# - LANGUAGE CODE
Language code of text/sound track or separate title eng
100 1# - MAIN ENTRY--PERSONAL NAME
Personal name Higham, David
245 00 - TITLE STATEMENT
Title Get into shape
260 ## - PUBLICATION, DISTRIBUTION, ETC.
Date of publication, distribution, etc. 2006
490 #0 - SERIES STATEMENT
Series statement Premises and Facilities Management
Volume/sequential designation July 2006, 25-26(2)
520 ## - SUMMARY, ETC.
Summary, etc. Communicates the changes that take place on 21 August 2006 to the pricing of letters and parcels by Royal Mail. Outlines the arguments for and against these changes. Advises on the impact on the mailroom and how facilities managers can reduce this and even take advantage to save money.
590 ## - LOCAL NOTE (RLIN)
Local note IKA010806
651 #4 - SUBJECT ADDED ENTRY--GEOGRAPHIC NAME
Geographic name United Kingdom
Chronological subdivision
690 ## - LOCAL SUBJECT ADDED ENTRY--TOPICAL TERM (OCLC, RLIN)
Topical term or geographic name as entry element MANAGEMENT-FACILITIES MANAGEMENT
942 ## - ADDED ENTRY ELEMENTS (KOHA)
Suppress in OPAC 0
Holdings
Withdrawn status Lost status Source of classification or shelving scheme Damaged status Not for loan Home library Current library Shelving location Date acquired Total Checkouts Full call number Barcode Date last seen Copy number Price effective from Koha item type
    Dewey Decimal Classification     London London Journal article 27/07/2006   L134335 134335-1001 06/08/2019 1 06/08/2019 Journal article